00388nam a22001217a 4500020001800000082001500018100001400033245007700047250000800124260003900132300001300171650008200184 a9789699837050 a954.92 AFR aAffrasiab a1971 fact and fiction views and perception pakistan india and bangladesh a4th aIslamabadbKhursheed Printerc2016 avi,632 P a1971 Fact and Fiction Views and perceptions in Pakistan, India and Bangladesh